000 00281 a2200133 4500
005 20251120071715.0
082 _a653.3 NBA
100 _aNBAA
245 _aIntermediate Level: Q& A
250 _aB1-B6
260 _aDodoma
_bNBAA
_c2018
300 _a181P.
_c20CM.
942 _2ddc
_cBKS
999 _c6796
_d6796